000 00363nam a2200145Ia 4500
008 230917s9999||||xx |||||||||||||| ||und||
040 _e39449
_aMAIN
041 _aEnglish
082 _a658.4 G959P
100 _aGupta, N S
245 0 _aPrinciples and practive of management
260 _aNew Delhi
_bLight & Life
_c1979
300 _avi, 527 p.
942 _cBK
999 _c210707
_d210707